[Event "II Festival Server24 A"]
[Site "Ortisei - Sankt Ulrich in Groeden ITA"]
[Date "2013.06.05"]
[Round "5"]
[White "Friedrich, Norbert"]
[Black "Spornberger, Maximilian"]
[WhiteElo "2312"]
[BlackElo "2257"]
[Result "1/2-1/2"]
[PlyCount "75"]
[EventDate "2013.06.01"]

1. e4 e6 2. d4 d5 3. Nd2 Nf6 4. e5 Nfd7 5. Bd3 c5 6. c3 Nc6 7. Ne2 cxd4 8. cxd4
f6 9. exf6 Nxf6 10. O-O Bd6 11. Nf3 O-O 12. Bf4 Nh5 13. Bxd6 Qxd6 14. Rc1 Bd7
15. Rc3 g6 16. Bb5 Nf6 17. Ng3 Ne4 18. Re3 Rf4 19. Rfe1 Qb4 20. Rb3 Qa5 21.
Nxe4 dxe4 22. Ng5 Rd8 23. Bxc6 Qxg5 24. Bxe4 Ba4 25. Rg3 Qa5 26. Qc1 Rxd4 27.
Bxg6 hxg6 28. Qc8+ Kh7 29. Rh3+ Rh4 30. Rxh4+ Rxh4 31. Rxe6 Qb4 32. Qd8 Qd4 33.
Qe7+ Kh6 34. Qf8+ Kg5 35. Qe7+ Kh6 36. Qf8+ Kg5 37. Qe7+ Kh6 38. Qf8+ 1/2-1/2

[Event "II Festival Server24 A"]
[Site "Ortisei - Sankt Ulrich in Groeden ITA"]
[Date "2013.06.05"]
[Round "5"]
[White "Hambleton, Aman"]
[Black "De Santis, Alessio"]
[WhiteElo "2461"]
[BlackElo "2276"]
[Result "1/2-1/2"]
[PlyCount "61"]
[EventDate "2013.06.01"]

1. e4 c5 2. Nf3 e6 3. d4 cxd4 4. Nxd4 a6 5. Bd3 Qc7 6. O-O Nc6 7. Nxc6 bxc6 8.
c4 Nf6 9. Nc3 Bc5 10. Kh1 h5 11. f4 Ng4 12. e5 d5 13. exd6 Bxd6 14. Ne4 Be7 15.
Qe2 c5 16. b3 Bb7 17. Bb2 O-O-O 18. h3 f5 19. hxg4 hxg4+ 20. Kg1 Qc6 21. Nc3
Rxd3 22. Nd5 exd5 23. Qxd3 d4 24. Qxf5+ Kb8 25. Qxg4 Qh6 26. Qg3 Bh4 27. Qg4
Bc8 28. Qf3 Bb7 29. Qg4 Bc8 30. Qf3 Bb7 31. Qg4 1/2-1/2

[Event "II Festival Server24 A"]
[Site "Ortisei - Sankt Ulrich in Groeden ITA"]
[Date "2013.06.05"]
[Round "5"]
[White "Meertens, Martin"]
[Black "Herzog, Adolf"]
[WhiteElo "2165"]
[BlackElo "2401"]
[Result "0-1"]
[PlyCount "144"]
[EventDate "2013.06.01"]

1. e4 e6 2. d4 d5 3. Nc3 Nf6 4. e5 Nfd7 5. f4 c5 6. Nf3 a6 7. Be3 b5 8. Qd2 b4
9. Ne2 Nc6 10. Ng3 Qb6 11. dxc5 Bxc5 12. Bxc5 Qxc5 13. Qf2 Qxf2+ 14. Kxf2 O-O
15. Re1 Nc5 16. Bd3 f5 17. Ne2 Bd7 18. Ned4 Rfc8 19. Nxc6 Bxc6 20. Nd4 Kf7 21.
Ke3 Bd7 22. Ra1 Rcb8 23. Rhb1 a5 24. Nb3 Na4 25. Nd4 h6 26. g3 g5 27. a3 Rg8
28. axb4 axb4 29. Ra2 gxf4+ 30. Kxf4 Nb6 31. Rba1 Rg4+ 32. Ke3 Rxa2 33. Rxa2
Nc4+ 34. Bxc4 dxc4 35. c3 bxc3 36. bxc3 Re4+ 37. Kf2 Rxe5 38. Ra7 Rd5 39. Rc7
Kf6 40. Rxc4 e5 41. Nf3 Ra5 42. Rc7 Ra2+ 43. Ke3 Bb5 44. c4 Ra3+ 45. Ke2 Be8
46. Kf2 e4 47. Ne1 Ra2+ 48. Kg1 Ra1 49. Kf1 Bf7 50. h3 Rc1 51. Ke2 Rc3 52. Rc6+
Ke5 53. Kf2 h5 54. Rc5+ Kf6 55. Rc6+ Be6 56. Ng2 Rf3+ 57. Ke2 h4 58. Nf4 hxg3
59. Nxe6 Ke5 60. Ng5 Rf2+ 61. Ke1 Ra2 62. h4 Ra1+ 63. Ke2 g2 64. Nh3 f4 65. Rg6
Ra2+ 66. Ke1 f3 67. Rg3 Kd4 68. h5 Ke3 69. Kd1 Ra1+ 70. Kc2 Rh1 71. h6 Rxh3 72.
Rxh3 g1=Q 0-1

[Event "II Festival Server24 A"]
[Site "Ortisei - Sankt Ulrich in Groeden ITA"]
[Date "2013.06.05"]
[Round "5"]
[White "Neubauer, Kai"]
[Black "Zucchelli, Massimo"]
[WhiteElo "2013"]
[BlackElo "2186"]
[Result "0-1"]
[PlyCount "40"]
[EventDate "2013.06.01"]

1. d4 Nf6 2. Nf3 e6 3. Bf4 c5 4. c3 Qb6 5. Qb3 Qxb3 6. axb3 Nc6 7. dxc5 Bxc5 8.
b4 Bb6 9. Nbd2 d5 10. e3 O-O 11. Be2 Rd8 12. b5 Ne7 13. Ne5 Nd7 14. O-O f6 15.
Nxd7 Bxd7 16. Bd6 Nf5 17. Bg3 Nxe3 18. fxe3 Bxe3+ 19. Bf2 Bxd2 20. Bxa7 Rxa7
0-1

[Event "II Festival Server24 A"]
[Site "Ortisei - Sankt Ulrich in Groeden ITA"]
[Date "2013.06.05"]
[Round "5"]
[White "Paltrinieri, Nicholas"]
[Black "Stella, Andrea"]
[WhiteElo "2174"]
[BlackElo "2463"]
[Result "0-1"]
[PlyCount "58"]
[EventDate "2013.06.01"]

1. d4 g6 2. e4 Bg7 3. c4 d6 4. Nc3 Nf6 5. f4 Na6 6. Nf3 c5 7. d5 Bg4 8. Bd3 Nd7
9. O-O Nc7 10. Bd2 O-O 11. Qe1 Bxf3 12. Rxf3 e6 13. dxe6 Nxe6 14. Rh3 Nd4 15.
f5 b5 16. cxb5 c4 17. Bxc4 Nc2 18. Qc1 Nxa1 19. fxg6 hxg6 20. Bh6 Qb6+ 21. Kh1
Qd4 22. Nd5 Rfe8 23. Bxg7 Qxg7 24. Nc7 Rxe4 25. Rf3 Ne5 26. Ne6 Rxc4 27. Qxc4
Nxc4 28. Nxg7 Kxg7 29. b3 Nb6 0-1

[Event "II Festival Server24 A"]
[Site "Ortisei - Sankt Ulrich in Groeden ITA"]
[Date "2013.06.05"]
[Round "5"]
[White "Panjkovic, Aleksandar"]
[Black "Boscolo, Federico"]
[WhiteElo "2147"]
[BlackElo "2314"]
[Result "0-1"]
[PlyCount "92"]
[EventDate "2013.06.01"]

1. c4 e5 2. g3 Nf6 3. Bg2 c6 4. d4 exd4 5. Qxd4 d5 6. Nf3 Be6 7. Nc3 dxc4 8.
Qxd8+ Kxd8 9. Ng5 Bb4 10. Nxe6+ fxe6 11. e4 Nbd7 12. O-O Bxc3 13. bxc3 Ke7 14.
Rb1 b5 15. Ba3+ Kf7 16. f4 Ng4 17. Bf3 Nh6 18. Rfd1 Nb6 19. Rd6 Rhd8 20. Rbd1
Rxd6 21. Rxd6 Rc8 22. g4 c5 23. g5 Ke7 24. e5 Nf5 25. Rc6 Rxc6 26. Bxc6 b4 27.
cxb4 cxb4 28. Bxb4+ Kf7 29. Bc5 Ne7 30. Be4 Ned5 31. Bxd5 Nxd5 32. Kf1 a6 33.
Ke1 Nxf4 34. Kd2 Nd5 35. h4 g6 36. Kc2 Ke8 37. Kb2 Kd7 38. Ka3 Kc6 39. Bf2 Kb5
40. Kb2 Ka4 41. Be1 Kb5 42. Bf2 Kb4 43. Be1+ c3+ 44. Kc2 Kc4 45. a3 Ne3+ 46.
Kc1 Kb3 0-1

[Event "II Festival Server24 A"]
[Site "Ortisei - Sankt Ulrich in Groeden ITA"]
[Date "2013.06.05"]
[Round "5"]
[White "Popilski, Gil"]
[Black "Cocchi, Andrea"]
[WhiteElo "2515"]
[BlackElo "2304"]
[Result "0-1"]
[PlyCount "86"]
[EventDate "2013.06.01"]

1. e4 e5 2. Nf3 Nc6 3. Bb5 Nf6 4. O-O Bc5 5. c3 O-O 6. d4 Bb6 7. Bg5 d6 8. Qd3
h6 9. Bh4 g5 10. Nxg5 hxg5 11. Bxg5 Kg7 12. Bxc6 bxc6 13. Nd2 Qd7 14. Bxf6+
Kxf6 15. f4 Ke7 16. Kh1 Qg4 17. Rf3 exf4 18. Raf1 Be6 19. Rxf4 Qg5 20. Qe3 Rg8
21. R1f2 Raf8 22. Nf3 Qh5 23. Rh4 Qg6 24. Rf4 Kd8 25. b3 Qh6 26. Qd2 Rh8 27. g3
Qg7 28. Nh4 d5 29. e5 c5 30. b4 cxd4 31. cxd4 Qh7 32. Kg2 Bd7 33. Qc3 Bb5 34.
Qf3 Bc4 35. a4 a6 36. Rg4 Qd3 37. Qf6+ Kc8 38. Nf5 Qd1 39. Ne3 Qxa4 40. Nf5 Qd7
41. Rg7 Bd3 42. Ne7+ Kb7 43. Rxf7 Be4+ 0-1

[Event "II Festival Server24 A"]
[Site "Ortisei - Sankt Ulrich in Groeden ITA"]
[Date "2013.06.05"]
[Round "5"]
[White "Saravanan, Venkatachalam"]
[Black "Levin, Felix"]
[WhiteElo "2371"]
[BlackElo "2497"]
[Result "1/2-1/2"]
[PlyCount "67"]
[EventDate "2013.06.01"]

1. d4 d5 2. c4 dxc4 3. Nf3 Nf6 4. e3 b5 5. a4 b4 6. Bxc4 e6 7. O-O Be7 8. Nbd2
Bb7 9. Qe2 O-O 10. e4 c5 11. dxc5 Nbd7 12. e5 Nd5 13. Ne4 Nxc5 14. Nxc5 Bxc5
15. Bd3 Ne7 16. Qc2 Bxf3 17. gxf3 Rc8 18. Bxh7+ Kh8 19. Be4 Bd4 20. Qb3 Nf5 21.
f4 Qh4 22. Bd2 a5 23. Rad1 Rcd8 24. Kg2 Qg4+ 25. Kh1 Bb6 26. Qf3 Qxf3+ 27. Bxf3
Bd4 28. Bc1 Rc8 29. Be4 Rfd8 30. Kg2 g6 31. Rd3 Bb6 32. Rfd1 Rxd3 33. Bxd3 Kg7
34. Be4 1/2-1/2

[Event "II Festival Server24 A"]
[Site "Ortisei - Sankt Ulrich in Groeden ITA"]
[Date "2013.06.05"]
[Round "5"]
[White "Schaefer, Michael"]
[Black "Messina, Roberta"]
[WhiteElo "2176"]
[BlackElo "2020"]
[Result "0-1"]
[PlyCount "52"]
[EventDate "2013.06.01"]

1. d4 d5 2. c4 c6 3. cxd5 cxd5 4. Nc3 Nf6 5. Nf3 e6 6. Bf4 Nc6 7. e3 Bb4 8. Bd3
Ne4 9. Qc2 g5 10. Bg3 Nxg3 11. hxg3 h6 12. g4 Bd7 13. Rh5 e5 14. Nxe5 Nxe5 15.
dxe5 Bxc3+ 16. Qxc3 Bxg4 17. e6 d4 18. exf7+ Kxf7 19. Qb3+ Kf6 20. Rh1 Qa5+ 21.
Kf1 dxe3 22. Re1 exf2 23. Kxf2 Qd2+ 24. Be2 Raf8 25. Qxb7 Kg6+ 26. Kg3 Qf4# 0-1

[Event "II Festival Server24 A"]
[Site "Ortisei - Sankt Ulrich in Groeden ITA"]
[Date "2013.06.05"]
[Round "5"]
[White "Solomon, Kenny"]
[Black "Herbold, Manfred"]
[WhiteElo "2414"]
[BlackElo "2091"]
[Result "1-0"]
[PlyCount "101"]
[EventDate "2013.06.01"]

1. Nf3 Nf6 2. c4 e6 3. d4 Bb4+ 4. Nbd2 b6 5. g3 Bb7 6. Bg2 O-O 7. O-O Re8 8.
Qc2 Bxd2 9. Bxd2 Be4 10. Qc1 Nc6 11. Bc3 a5 12. Rd1 a4 13. Qf4 d6 14. g4 h6 15.
h4 Bxf3 16. Bxf3 d5 17. Kg2 Qd6 18. Qxd6 cxd6 19. Rac1 Rac8 20. cxd5 exd5 21.
e3 Na5 22. Bb4 Rc4 23. Bxd6 Rec8 24. Rb1 Rc2 25. Kg3 Nc4 26. Be7 Nd2 27. Rxd2
Rxd2 28. Bxf6 gxf6 29. Bxd5 Rcc2 30. f3 Rxb2 31. Ra1 b5 32. Kf4 b4 33. Kf5 Kg7
34. g5 fxg5 35. hxg5 h5 36. f4 Rd3 37. Rh1 Rxe3 38. Rxh5 b3 39. axb3 a3 40. Rh6
a2 41. Ra6 Re1 42. Ra7 a1=Q 43. Rxf7+ Kh8 44. Rf8+ Kh7 45. g6+ Kg7 46. Rg8+ Kh6
47. Rh8+ Kg7 48. Rh7+ Kf8 49. g7+ Ke7 50. g8=Q+ Kd6 51. Qd8# 1-0

[Event "II Festival Server24 A"]
[Site "Ortisei - Sankt Ulrich in Groeden ITA"]
[Date "2013.06.05"]
[Round "5"]
[White "Sundararajan, Kidambi"]
[Black "Vezzosi, Paolo"]
[WhiteElo "2428"]
[BlackElo "2274"]
[Result "1-0"]
[PlyCount "75"]
[EventDate "2013.06.01"]

1. d4 Nf6 2. c4 e6 3. Nc3 Bb4 4. g3 c5 5. Nf3 Ne4 6. Qd3 f5 7. Bg2 Qa5 8. O-O
Bxc3 9. bxc3 Qxc3 10. Ba3 Na6 11. dxc5 Qxd3 12. exd3 Nexc5 13. Nd4 O-O 14. Nb5
Rd8 15. d4 Ne4 16. Nd6 Nxd6 17. Bxd6 Nb8 18. Rab1 Nc6 19. d5 Nb8 20. Rfe1 a5
21. c5 Na6 22. a3 Ra7 23. Rb5 a4 24. Ra5 Ra8 25. Rxa4 Ra7 26. f4 Kf7 27. Ra5
Re8 28. Bf3 Ra8 29. Kg2 Ra7 30. Re2 Rd8 31. Rb5 g6 32. a4 Kg8 33. a5 Kf7 34.
Reb2 h5 35. Rb6 Kf6 36. dxe6 dxe6 37. Bxb7 Bxb7+ 38. Rxb7 1-0

[Event "II Festival Server24 A"]
[Site "Ortisei - Sankt Ulrich in Groeden ITA"]
[Date "2013.06.05"]
[Round "5"]
[White "Warakomski, Tomasz"]
[Black "Burmakin, Vladimir"]
[WhiteElo "2488"]
[BlackElo "2575"]
[Result "1-0"]
[PlyCount "129"]
[EventDate "2013.06.01"]

1. e4 c6 2. d4 d5 3. Nd2 dxe4 4. Nxe4 Nd7 5. c3 Ngf6 6. Nxf6+ Nxf6 7. Bc4 g6 8.
Qb3 Nd5 9. Ne2 Bg7 10. Nf4 e6 11. Be2 Nxf4 12. Bxf4 Qd5 13. Bf3 Qxb3 14. axb3
Kd7 15. Kd2 b6 16. b4 Bb7 17. h4 h6 18. Ra2 a6 19. Rha1 b5 20. Re1 Bf8 21. Be5
Rg8 22. h5 g5 23. Be4 Bd6 24. g4 Rgf8 25. Bg7 Rg8 26. Bf6 Be7 27. Bxe7 Kxe7 28.
b3 Rad8 29. Kd3 Rd6 30. Bf3 Rf8 31. Rae2 Ra8 32. Re5 a5 33. Ra1 axb4 34. Rxa8
Bxa8 35. c4 f6 36. Rc5 e5 37. cxb5 Rxd4+ 38. Ke3 Bb7 39. Bxc6 Kd6 40. Rc1 Kc7
41. f3 Kb6 42. Bxb7 Kxb7 43. Rc4 Rf4 44. Rc6 e4 45. fxe4 Rxg4 46. Rxf6 Rg3+ 47.
Kd4 Rxb3 48. Kc5 Re3 49. Kxb4 Rxe4+ 50. Ka5 Re1 51. Rf7+ Kc8 52. Rg7 Rh1 53.
Ka6 Ra1+ 54. Kb6 Rh1 55. Rg6 Rxh5 56. Kc6 Kd8 57. b6 Rh1 58. Rg8+ Ke7 59. b7
Rb1 60. Kd5 Rxb7 61. Rg7+ Kf6 62. Rxb7 Kf5 63. Rf7+ Kg4 64. Ke4 h5 65. Rf1 1-0

[Event "II Festival Server24 A"]
[Site "Ortisei - Sankt Ulrich in Groeden ITA"]
[Date "2013.06.06"]
[Round "6"]
[White "Burmakin, Vladimir"]
[Black "Solomon, Kenny"]
[WhiteElo "2575"]
[BlackElo "2414"]
[Result "1-0"]
[PlyCount "142"]
[EventDate "2013.06.01"]

1. d4 Nf6 2. Nf3 e6 3. c4 b6 4. g3 Ba6 5. b3 Bb7 6. Bg2 Bb4+ 7. Bd2 a5 8. O-O
O-O 9. Nc3 Re8 10. Qc2 h6 11. Rfe1 Bxc3 12. Bxc3 Be4 13. Qb2 d5 14. Nd2 Bxg2
15. Kxg2 c6 16. a4 Na6 17. e4 Rc8 18. Rac1 Rb8 19. Qa1 Ra8 20. Kg1 Rb8 21. Re2
Re7 22. Qb1 Re8 23. Qd3 Ra8 24. f4 Qd7 25. cxd5 cxd5 26. e5 Nh7 27. Nf1 f6 28.
h4 fxe5 29. fxe5 Rf8 30. Be1 Rf7 31. Rec2 Qe8 32. Nh2 Nf8 33. Rc6 Nc5 34. Qb5
Ncd7 35. Rc7 Qe7 36. b4 axb4 37. Bxb4 Qe8 38. Qc6 Rd8 39. Rc8 Rxc8 40. Qxc8
Qxc8 41. Rxc8 Kh7 42. Kg2 Kg6 43. Ng4 Kf5 44. Nf2 h5 45. Nh3 Nh7 46. Rh8 g6 47.
Ba3 Ke4 48. Rxh7 Rxh7 49. Ng5+ Kxd4 50. Nxh7 Kxe5 51. Nf8 Nxf8 52. Bxf8 Ke4 53.
Kf2 Kd3 54. Bd6 Kc4 55. Ke3 d4+ 56. Ke4 d3 57. Bf4 Kc3 58. Ke5 Kb3 59. Be3 Kxa4
60. Kd4 Kb3 61. Kxd3 b5 62. Bc5 Ka4 63. Kc3 e5 64. Bd6 Ka5 65. Bxe5 Kb6 66. Kb4
Kc6 67. Bf4 Kb6 68. Be3+ Kc6 69. Ka5 Kd5 70. Kxb5 Ke4 71. Bf4 Kd5 1-0

[Event "II Festival Server24 A"]
[Site "Ortisei - Sankt Ulrich in Groeden ITA"]
[Date "2013.06.06"]
[Round "6"]
[White "Cocchi, Andrea"]
[Black "Collutiis, Duilio"]
[WhiteElo "2304"]
[BlackElo "2465"]
[Result "0-1"]
[PlyCount "68"]
[EventDate "2013.06.01"]

1. Nf3 Nf6 2. c4 Nc6 3. Nc3 e5 4. a3 a6 5. e3 g6 6. d4 d6 7. Be2 Bg7 8. d5 Ne7
9. O-O O-O 10. b4 e4 11. Nd4 Nf5 12. Bb2 h5 13. Nxf5 Bxf5 14. f4 exf3 15. gxf3
Bh3 16. Rf2 Nd7 17. Qd2 Qg5+ 18. Kh1 Qh4 19. Ne4 f5 20. Ng3 Bxb2 21. Qxb2 Rae8
22. Rg1 Rxe3 23. Bf1 Ne5 24. Qd2 f4 25. Ne4 Bxf1 26. Rfxf1 Rf5 27. c5 Qe7 28.
cxd6 cxd6 29. Ng3 Rg5 30. Ne4 Nxf3 31. Nxg5 Nxd2 32. Rxf4 Re1 33. Ne6 Rxe6 34.
dxe6 Qxe6 0-1

[Event "II Festival Server24 A"]
[Site "Ortisei - Sankt Ulrich in Groeden ITA"]
[Date "2013.06.06"]
[Round "6"]
[White "Curien, Nicolas"]
[Black "Friedrich, Norbert"]
[WhiteElo "2204"]
[BlackElo "2312"]
[Result "1/2-1/2"]
[PlyCount "77"]
[EventDate "2013.06.01"]

1. d4 d5 2. Bf4 c5 3. e3 Nc6 4. c3 Bf5 5. Nd2 e6 6. Ngf3 Nf6 7. Qb3 Qc8 8. dxc5
Bxc5 9. Be2 O-O 10. O-O h6 11. Rac1 Rd8 12. Ne5 Nxe5 13. Bxe5 Nd7 14. Bd4 e5
15. Bxc5 Nxc5 16. Qa3 a5 17. Rfd1 Bd3 18. Bf1 Bxf1 19. Nxf1 b5 20. Rc2 Qc6 21.
Ng3 g6 22. Rcd2 e4 23. Ne2 Nd3 24. Qe7 Rd7 25. Qh4 h5 26. Nf4 Nxf4 27. Qxf4 Qc4
28. Qe5 Qxa2 29. Rxd5 Rxd5 30. Qxd5 Qxd5 31. Rxd5 b4 32. cxb4 axb4 33. Kf1 Ra2
34. Rd4 Rxb2 35. Rxe4 b3 36. Rb4 Kf8 37. Rb7 Ke8 38. g3 Kf8 39. Kg2 1/2-1/2

[Event "II Festival Server24 A"]
[Site "Ortisei - Sankt Ulrich in Groeden ITA"]
[Date "2013.06.06"]
[Round "6"]
[White "De Santis, Alessio"]
[Black "Stella, Andrea"]
[WhiteElo "2276"]
[BlackElo "2463"]
[Result "1/2-1/2"]
[PlyCount "44"]
[EventDate "2013.06.01"]

1. d4 Nf6 2. c4 g6 3. f3 Nc6 4. e4 e5 5. d5 Nd4 6. Nc3 Bc5 7. Bg5 h6 8. Bh4 d6
9. Bf2 c6 10. Qd2 cxd5 11. cxd5 Bd7 12. Nge2 Qb6 13. Nc1 Qa5 14. Bd3 Nh5 15.
O-O Nf4 16. Nb3 Nxb3 17. axb3 Qb6 18. Bc4 O-O 19. Bxc5 Qxc5+ 20. Qf2 Rfc8 21.
Qxc5 Rxc5 22. g3 Nh5 1/2-1/2

[Event "II Festival Server24 A"]
[Site "Ortisei - Sankt Ulrich in Groeden ITA"]
[Date "2013.06.06"]
[Round "6"]
[White "Fierro Baquero, Martha Lorena"]
[Black "Roesch, Mario"]
[WhiteElo "2364"]
[BlackElo "2045"]
[Result "1-0"]
[PlyCount "79"]
[EventDate "2013.06.01"]

1. c4 Nf6 2. g3 g6 3. Bg2 Bg7 4. Nc3 O-O 5. d3 d6 6. Nf3 e5 7. O-O Re8 8. Bg5
h6 9. Bxf6 Bxf6 10. Rb1 a5 11. a3 c6 12. Nd2 Na6 13. b4 axb4 14. axb4 Nc7 15.
b5 Bd7 16. bxc6 Bxc6 17. Qb3 Ne6 18. e3 Nc5 19. Qc2 Bg7 20. Nde4 Nxe4 21. Bxe4
f5 22. Bd5+ Kh7 23. Rb3 f4 24. Qe2 Rf8 25. Rfb1 Ra7 26. Be4 Qa8 27. Qg4 Bxe4
28. Nxe4 fxe3 29. fxe3 h5 30. Qd7 b5 31. Qxd6 bxc4 32. Rb6 Ra1 33. Qxg6+ Kg8
34. Qe6+ Kh8 35. Qxc4 Rc8 36. Qxc8+ Qxc8 37. Rxa1 Qg4 38. Rb8+ Kh7 39. Rb7 Qe2
40. Raa7 1-0

[Event "II Festival Server24 A"]
[Site "Ortisei - Sankt Ulrich in Groeden ITA"]
[Date "2013.06.06"]
[Round "6"]
[White "Gutierrez, Leonela"]
[Black "Paltrinieri, Nicholas"]
[WhiteElo "2090"]
[BlackElo "2174"]
[Result "1/2-1/2"]
[PlyCount "86"]
[EventDate "2013.06.01"]

1. e4 e6 2. b3 d5 3. Bb2 dxe4 4. Nc3 Nf6 5. Qe2 Nbd7 6. Nxe4 Be7 7. Nf3 b6 8.
O-O-O Bb7 9. Nxf6+ Bxf6 10. d4 Qe7 11. Kb1 O-O-O 12. g4 h5 13. Bh3 Kb8 14. Rhe1
hxg4 15. Bxg4 g6 16. h3 Bg7 17. Ne5 Nxe5 18. dxe5 Kc8 19. f4 Qb4 20. a3 Qa5 21.
Bf3 Qa6 22. Bxb7+ Qxb7 23. Rxd8+ Rxd8 24. h4 Rh8 25. Rd1 Rd8 26. h5 Rxd1+ 27.
Qxd1 Qe4 28. hxg6 Qxg6 29. Qf3 Bh6 30. Qa8+ Kd7 31. Qxa7 Qe4 32. Qa6 Bxf4 33.
Qb5+ Ke7 34. a4 Kd8 35. Qf1 Bxe5 36. Bxe5 Qxe5 37. Qxf7 Qd5 38. Kc1 Qg5+ 39.
Kd1 Qg4+ 40. Kd2 Qd4+ 41. Ke2 e5 42. Qe6 Qc3 43. Qd5+ Ke7 1/2-1/2

[Event "II Festival Server24 A"]
[Site "Ortisei - Sankt Ulrich in Groeden ITA"]
[Date "2013.06.06"]
[Round "6"]
[White "Herbold, Manfred"]
[Black "Schaefer, Michael"]
[WhiteElo "2091"]
[BlackElo "2176"]
[Result "1-0"]
[PlyCount "53"]
[EventDate "2013.06.01"]

1. e4 c5 2. d4 cxd4 3. c3 d3 4. Bxd3 Nc6 5. c4 g6 6. Nf3 Bg7 7. O-O d6 8. h3
Nf6 9. Nc3 O-O 10. Be3 Nd7 11. Rc1 Nc5 12. Bb1 Be6 13. b3 a5 14. Qe2 a4 15.
Bxc5 dxc5 16. Nxa4 Nd4 17. Nxd4 Bxd4 18. Nc3 Bd7 19. e5 Ra6 20. Kh1 Re6 21. f4
f5 22. Nb5 Bxb5 23. cxb5 g5 24. Qc4 Qd7 25. fxg5 f4 26. Qd3 Rf7 27. Rxc5 1-0

[Event "II Festival Server24 A"]
[Site "Ortisei - Sankt Ulrich in Groeden ITA"]
[Date "2013.06.06"]
[Round "6"]
[White "Herzog, Adolf"]
[Black "Zucchelli, Massimo"]
[WhiteElo "2401"]
[BlackElo "2186"]
[Result "0-1"]
[PlyCount "107"]
[EventDate "2013.06.01"]

1. d4 Nf6 2. Nf3 e6 3. c3 c5 4. e3 b6 5. Nbd2 Be7 6. Bd3 Ba6 7. Bxa6 Nxa6 8.
O-O O-O 9. Qe2 Qc8 10. h3 Qb7 11. Ne5 d6 12. Ng4 Nxg4 13. hxg4 Nc7 14. f4 f5
15. gxf5 exf5 16. Qf3 Qxf3 17. Nxf3 Bf6 18. Bd2 Rfe8 19. Rae1 h5 20. Bc1 b5 21.
Rd1 c4 22. d5 Na6 23. Nd4 Bxd4 24. Rxd4 Nc5 25. Kf2 Ne4+ 26. Kf3 Rac8 27. Bd2
Rc7 28. a4 Nc5 29. b4 Nb3 30. axb5 Nxd4+ 31. exd4 Rce7 32. Rf2 Rb8 33. Be3 Rxb5
34. Ra2 Rxd5 35. Ra6 Rc7 36. Bf2 Kf7 37. Bh4 Ke6 38. Bd8 Rd7 39. Bh4 Rb5 40.
Rc6 Kd5 41. Ra6 g6 42. Bf2 Rdb7 43. Be3 Rh7 44. Bf2 h4 45. Ra1 h3 46. gxh3
Rxh3+ 47. Bg3 a5 48. bxa5 Rb3 49. Kg2 Rh8 50. Be1 Rhb8 51. a6 Rb1 52. Ra5+ R8b5
53. Ra4 Rxe1 54. a7 0-1

[Event "II Festival Server24 A"]
[Site "Ortisei - Sankt Ulrich in Groeden ITA"]
[Date "2013.06.06"]
[Round "6"]
[White "Khenkin, Igor"]
[Black "Codenotti, Marco"]
[WhiteElo "2601"]
[BlackElo "2390"]
[Result "1/2-1/2"]
[PlyCount "39"]
[EventDate "2013.06.01"]

1. d4 d5 2. c4 c6 3. e3 Nf6 4. Bd3 e5 5. Nc3 exd4 6. exd4 dxc4 7. Bxc4 Bd6 8.
Nf3 O-O 9. O-O Bf5 10. Re1 Nbd7 11. Bb3 h6 12. h3 Re8 13. Rxe8+ Qxe8 14. Be3
Nb6 15. Qd2 Be6 16. Bc2 Nc4 17. Qe2 Qd7 18. Bd3 Nxe3 19. fxe3 c5 20. Rd1
1/2-1/2

[Event "II Festival Server24 A"]
[Site "Ortisei - Sankt Ulrich in Groeden ITA"]
[Date "2013.06.06"]
[Round "6"]
[White "Koziol, Kamil"]
[Black "Bernardi, Ruben"]
[WhiteElo "2008"]
[BlackElo "2079"]
[Result "1-0"]
[PlyCount "117"]
[EventDate "2013.06.01"]

1. e4 c5 2. Nf3 Nc6 3. d4 cxd4 4. Nxd4 e5 5. Nb5 d6 6. N1c3 a6 7. Na3 Nf6 8.
Nc4 b5 9. Ne3 Be7 10. g3 O-O 11. Bg2 b4 12. Ncd5 Nxd5 13. Nxd5 a5 14. O-O Ba6
15. Re1 Bc4 16. Be3 Bxd5 17. Qxd5 Qd7 18. Red1 Rfc8 19. Rd2 Qe6 20. a3 bxa3 21.
Rxa3 Rab8 22. c3 g6 23. h4 Qg4 24. Bf1 Qe6 25. Kh2 Rc7 26. Bh3 Qxd5 27. exd5
Nd8 28. Rxa5 f5 29. Bf1 Rb3 30. Rb5 Rxb5 31. Bxb5 Kg7 32. c4 Rb7 33. b3 h6 34.
Ra2 g5 35. hxg5 hxg5 36. f4 gxf4 37. gxf4 exf4 38. Bxf4 Nf7 39. Ra6 Rb8 40. Kg2
Kf6 41. Ra1 Rg8+ 42. Kf3 Rh8 43. Rg1 Rh3+ 44. Rg3 Rh1 45. Kg2 Rb1 46. Be8 Rb2+
47. Kf1 Rb1+ 48. Ke2 Rb2+ 49. Kd1 Bf8 50. Bd2 Ke7 51. Bxf7 Kxf7 52. b4 Ra2 53.
b5 Ra1+ 54. Kc2 Ra2+ 55. Kc1 Bg7 56. Rb3 Ra8 57. b6 Bd4 58. b7 Rb8 59. Ba5 1-0

[Event "II Festival Server24 A"]
[Site "Ortisei - Sankt Ulrich in Groeden ITA"]
[Date "2013.06.06"]
[Round "6"]
[White "Krulich, Roman"]
[Black "Gruettner, Ralf"]
[WhiteElo "2229"]
[BlackElo "2090"]
[Result "1-0"]
[PlyCount "79"]
[EventDate "2013.06.01"]

1. e4 e5 2. Nf3 Nc6 3. Bb5 a6 4. Bxc6 dxc6 5. O-O Bg4 6. h3 Bh5 7. d3 f6 8. Be3
Qd7 9. Nbd2 O-O-O 10. Qe1 g5 11. Nh2 Ne7 12. Nc4 Ng6 13. f3 Nf4 14. Qf2 Bf7 15.
Rfb1 h5 16. b4 Bh6 17. a4 g4 18. fxg4 Rhg8 19. b5 Bxc4 20. dxc4 hxg4 21. hxg4
Qh7 22. bxa6 bxa6 23. Ba7 Rd6 24. Rb8+ Kd7 25. Rxg8 Qxg8 26. Bc5 Qxc4 27. Bxd6
cxd6 28. Re1 Qxa4 29. Nf3 Qb5 30. Kh2 Ne6 31. g3 Qc4 32. Nh4 Bg5 33. Nf5 Nc5
34. Rd1 d5 35. exd5 cxd5 36. Kh3 d4 37. Rb1 a5 38. Qf3 Qxc2 39. Qd5+ Kc8 40.
Qc6+ 1-0

[Event "II Festival Server24 A"]
[Site "Ortisei - Sankt Ulrich in Groeden ITA"]
[Date "2013.06.06"]
[Round "6"]
[White "Kveinys, Aloyzas"]
[Black "Saravanan, Venkatachalam"]
[WhiteElo "2479"]
[BlackElo "2371"]
[Result "1/2-1/2"]
[PlyCount "69"]
[EventDate "2013.06.01"]

1. d4 Nf6 2. Nf3 g6 3. c4 Bg7 4. g3 d5 5. cxd5 Nxd5 6. Bg2 Nb6 7. Nc3 Nc6 8. e3
O-O 9. O-O Re8 10. d5 Na5 11. Nd4 Bd7 12. Rb1 Rc8 13. b4 c5 14. Ne6 fxe6 15.
bxa5 Bxc3 16. axb6 axb6 17. Qc2 Bg7 18. Bb2 e5 19. f4 exf4 20. Bxg7 Kxg7 21.
Rxf4 e5 22. dxe6 Bxe6 23. Bxb7 Rb8 24. Bc6 Rf8 25. Rd1 Qg5 26. Qb2+ Kg8 27. Rd6
Rxf4 28. exf4 Qf5 29. a4 c4 30. Qd4 Qb1+ 31. Kf2 Qc2+ 32. Ke3 Qb3+ 33. Kf2 Qc2+
34. Ke3 Qb3+ 35. Ke4 1/2-1/2

[Event "II Festival Server24 A"]
[Site "Ortisei - Sankt Ulrich in Groeden ITA"]
[Date "2013.06.06"]
[Round "6"]
[White "Levin, Felix"]
[Black "Szczepkowska-Horowska, Karina"]
[WhiteElo "2497"]
[BlackElo "2375"]
[Result "1/2-1/2"]
[PlyCount "49"]
[EventDate "2013.06.01"]

1. d4 d5 2. c4 e6 3. Nf3 c5 4. cxd5 exd5 5. g3 Nc6 6. Bg2 Nf6 7. O-O Be7 8. Nc3
O-O 9. dxc5 Bxc5 10. a3 a5 11. Bf4 d4 12. Nb5 Nd5 13. Qc1 Nxf4 14. Qxf4 a4 15.
Rfc1 Qb6 16. Nc7 Ra5 17. Ne1 Ne7 18. Nd5 Qd8 19. Nxe7+ Qxe7 20. Nd3 b6 21. Re1
Be6 22. Rac1 Qd8 23. Bf3 Re8 24. Bc6 Re7 25. Bf3 1/2-1/2

[Event "II Festival Server24 A"]
[Site "Ortisei - Sankt Ulrich in Groeden ITA"]
[Date "2013.06.06"]
[Round "6"]
[White "Spornberger, Maximilian"]
[Black "Hambleton, Aman"]
[WhiteElo "2257"]
[BlackElo "2461"]
[Result "0-1"]
[PlyCount "94"]
[EventDate "2013.06.01"]

1. e4 e6 2. d3 d5 3. Nd2 c5 4. Ngf3 Bd6 5. g3 Nc6 6. Bg2 Nge7 7. O-O O-O 8. c3
Qc7 9. Re1 Bd7 10. Nf1 d4 11. N1d2 e5 12. Nh4 Be6 13. c4 a6 14. Rf1 f6 15. Nb1
g5 16. Nf3 h6 17. Ne1 b5 18. b3 Ng6 19. Na3 Rab8 20. Nac2 Kg7 21. Bd2 Qd7 22.
Bh1 h5 23. f3 g4 24. Qe2 Rbe8 25. cxb5 axb5 26. Na3 Nb4 27. Bxb4 cxb4 28. Nac2
h4 29. Qd2 hxg3 30. hxg3 Qe7 31. Ng2 Rh8 32. f4 exf4 33. Nxf4 Nxf4 34. gxf4 f5
35. Qf2 Kg6 36. Rae1 Qh7 37. Qg2 Rc8 38. Rf2 g3 39. Rfe2 Bxf4 40. Qf3 Kg5 41.
Rf1 Rxc2 42. Qxf4+ Kf6 43. e5+ Ke7 44. Bc6 Rxc6 45. Qf3 g2 46. Rxg2 Qh1+ 47.
Kf2 Rc2+ 0-1